00513 2200205 4500001002100000008004100021035002000062245007000082100002200152250000600174260003200180300001200212084001400224082000800238650001300246990001200259990001200271990001200283990001200295INLIS000000000000644 ind  a0010-0424000620 aEntomologi dan Palinologi Bukti Dari Dunia AlamcMaryalice Walker aWalker, Maryalice a1 aBandung :bPakar Rayac2009 a112 hlm a500 MAR e a500 aNonfiksi a0721630 a0721631 a0721632 a0721633